000 00743nam a2200241 a 4500
008
020 _a1580530885 (cased)
049 _aMAIN
090 _aTK6397
_bTHO
100 1 _aThompson, Richard A.
245 1 0 _aTelephone switching systems /
_cRichard A. Thompson.
260 _aBoston :
_bArtech House,
_cc2000.
300 _axviii, 859 p. :
_bill. ;
_c26 cm.
440 0 _aArtech House telecommunications library.
504 _aIncludes bibliographical references.
500 _aIncludes inndex.
650 0 _aTelephone switching systems, Electronic.
907 _a.b10026848
_b08-05-12
_c17-04-03
003
005 20230123133529.0
040 _cNUST
942 _cBOOKS
_kTK6397
_mTHO
999 _c150186
_d150186